<The> EU`s FTAs involvement in the South and East Asia region

Enregistré dans:
Détails bibliographiques
Auteur principal: Drieniková, Kristína, 1982-
Format: Chapitre de livre
Langue:anglais
Sujets:
Tags: Ajouter un tag
Pas de tags, Soyez le premier à ajouter un tag!

MARC

LEADER 00000naa$a2200000$$$4500
001 0240312
005 20240502083644.6
041 0 |a eng 
044 |a RU 
245 1 0 |a <The> EU`s FTAs involvement in the South and East Asia region  |c Kristína Drieniková 
610 2 0 |a spolupráca medzinárodná 
610 2 0 |a obchod voľný 
610 2 0 |a dohody medzinárodné 
610 2 0 |a organizácie hospodárske 
610 2 0 |a organizácie medzinárodné 
610 2 0 |a východná Ázia 
610 2 0 |a južná Ázia 
610 2 0 |a Južná Kórea 
100 1 |a Drieniková, Kristína, 1982-